Statistiques concernant Petit Bac #01 - Anciennes Régions Françaises

Cliquez ici pour prendre le quiz!

Statistiques générales

  • Ce quiz a été pris 298 fois
  • Le résultat moyen est 10 sur 12

Statistiques - réponses

1ère Lettre Région % Correct
AAlsace / Auvergne / Aquitaine
98%
BBasse-Normandie / Bretagne / Bourgogne
97%
CCentre / Champagne-Ardenne / Corse
93%
LLorraine / Limousin / Languedoc-Roussillon / La Réunion
92%
PPicardie / Poitou-Charentes / Pays De La Loire / Provence-Alpes-Côte d'Azur
90%
IIle-De-France
84%
NNord-Pas-De-Calais
82%
MMidi-Pyrénées / Martinique / Mayotte
82%
GGuyane / Guadeloupe
79%
FFranche-Comté
78%
RRhône-Alpes
71%
HHaute-Normandie
69%

Distribution des résultats

Percentile by Number Answered

% des personnes avec chaque résultat

Votre développement - résultats

Vous n’avez pas pris ce quiz